Doing business in the Philippines.

Bibliographic Details
Format: Book
Published: Metro Manila: Price Waterhouse, 1993.
Subjects:
LEADER 00451cam a2200169 7i4500
001 0000003174
005 19991025090000.0
002 ##000004514
020 0 0 |a T000004153  
090 0 0 |a PHIL 338.7   |b DOI 
245 0 0 |a Doing business in the Philippines. 
260 0 0 |a Metro Manila:   |b Price Waterhouse,   |c 1993. 
300 0 0 |a 218 p.. 
650 0 0 |a Business  
650 0 0 |a Commerce  
651 0 0 |a Philippines  
999 |a 0000005056  |b Book  |c Open shelf  |e Business Information Centre